[Event "VII Festival A"]
[Site "Amantea ITA"]
[Date "2009.08.31"]
[Round "1"]
[White "Levin, Felix"]
[Black "De Vita, Igor"]
[Result "1-0"]
[WhiteElo "2491"]
[BlackElo "2086"]
[PlyCount "71"]
[EventDate "2009.08.31"]

1. d4 Nf6 2. c4 e6 3. g3 Bb4+ 4. Bd2 Bxd2+ 5. Nxd2 d6 6. Ngf3 Nbd7 7. Qc2 a5 8.
Bg2 Qe7 9. O-O O-O 10. Rad1 Re8 11. Nb1 e5 12. Nc3 exd4 13. Nxd4 Nc5 14. Ndb5
Bg4 15. f3 Bc8 16. e4 b6 17. b3 Bb7 18. a3 Red8 19. Rfe1 g6 20. Nd5 Nxd5 21.
cxd5 c6 22. Nd4 cxd5 23. exd5 Qd7 24. b4 axb4 25. axb4 Na6 26. Qb3 Re8 27. f4
Rxe1+ 28. Rxe1 Re8 29. Rc1 Rc8 30. Nc6 Re8 31. Qc3 Qf5 32. Qd4 Bxc6 33. dxc6
Qb5 34. Qxd6 Qxb4 35. Qxb4 Nxb4 36. c7 1-0

[Event "VII Festival A"]
[Site "Amantea ITA"]
[Date "2009.08.31"]
[Round "1"]
[White "Marchadour, Emilie"]
[Black "Mrdja, Milan"]
[Result "0-1"]
[WhiteElo "2047"]
[BlackElo "2418"]
[PlyCount "64"]
[EventDate "2009.08.31"]

1. e4 c5 2. Nf3 d6 3. d4 cxd4 4. Nxd4 Nf6 5. Nc3 a6 6. f3 e6 7. Be3 b5 8. Qd2
Bb7 9. g4 Nfd7 10. O-O-O Nb6 11. Bd3 N8d7 12. Kb1 Rc8 13. Rde1 Ne5 14. Qf2 Rxc3
15. bxc3 Na4 16. Bd2 Be7 17. h4 Qc7 18. Qe3 O-O 19. f4 Nxg4 20. Qg3 h5 21. Bf1
Rc8 22. Rh3 Bf6 23. Qg1 Qc5 24. Ka1 b4 25. Ne2 Qxg1 26. Nxg1 Nxc3 27. e5 dxe5
28. Bxc3 Rxc3 29. Rxc3 exf4 30. Kb1 bxc3 31. Nh3 Bxh4 32. Rd1 Ne3 0-1

[Event "VII Festival A"]
[Site "Amantea ITA"]
[Date "2009.08.31"]
[Round "1"]
[White "Rotunno, Giuseppe"]
[Black "Nikolova, Adriana"]
[Result "0-1"]
[WhiteElo "1973"]
[BlackElo "2316"]
[PlyCount "114"]
[EventDate "2009.08.31"]

1. d4 Nf6 2. Nf3 e6 3. e3 b6 4. Bd3 Bb7 5. Nbd2 d5 6. O-O Bd6 7. b3 Nbd7 8. Bb2
O-O 9. c4 Ne4 10. Rc1 f5 11. Ne5 Bxe5 12. dxe5 Ndc5 13. Be2 f4 14. exf4 Rxf4
15. Nf3 a5 16. Bd4 Qe7 17. Be3 Rf7 18. Qc2 dxc4 19. Qxc4 Rd8 20. Rfd1 Rxd1+ 21.
Rxd1 Ba6 22. Qc2 Bxe2 23. Qxe2 Nc3 24. Qd2 Nxd1 25. Qxd1 Qd7 26. Nd4 Qd5 27.
Qh5 g6 28. Qg5 Ne4 29. Qg4 c5 30. Nxe6 Qxe5 31. h4 Qf5 32. Qxf5 Rxf5 33. g4 Rd5
34. Nc7 Rd1+ 35. Kg2 Nc3 36. f4 Nd5 37. Nxd5 Rxd5 38. Kf3 Kf7 39. Ke4 Ke6 40.
a3 b5 41. h5 a4 42. bxa4 bxa4 43. hxg6 hxg6 44. Bf2 Kd6 45. f5 gxf5+ 46. gxf5
Re5+ 47. Kf4 Re2 48. Kf3 Ra2 49. f6 Rxa3+ 50. Ke4 Rc3 51. Be1 Rc1 52. Bd2 Rf1
53. Bc3 a3 54. Kd3 a2 55. f7 Rxf7 56. Ke2 Ra7 57. Ba1 Rb7 0-1

[Event "VII Festival A"]
[Site "Amantea ITA"]
[Date "2009.08.31"]
[Round "1"]
[White "Scerbo, Antonio"]
[Black "Naumkin, Igor"]
[Result "0-1"]
[WhiteElo "2086"]
[BlackElo "2481"]
[PlyCount "82"]
[EventDate "2009.08.31"]

1. d4 e6 2. c4 f5 3. g3 Nf6 4. Bg2 Bb4+ 5. Bd2 Bxd2+ 6. Nxd2 O-O 7. Ngf3 d6 8.
O-O Nc6 9. Re1 e5 10. dxe5 dxe5 11. e4 f4 12. gxf4 Nh5 13. f5 g6 14. Nf1 Qf6
15. Ne3 gxf5 16. Nxe5 Nxe5 17. Qxh5 f4 18. Nf5 Kh8 19. Kh1 Rg8 20. Rad1 Be6 21.
Qh4 Qxh4 22. Nxh4 Bxc4 23. b3 Be6 24. f3 Rg5 25. Nf5 Rag8 26. Re2 c6 27. Nd4
Bc8 28. Rf2 Ng6 29. Ne2 Ra5 30. Rd2 Rc5 31. Bf1 a5 32. Rg2 Be6 33. Rg1 Bf7 34.
Bh3 a4 35. bxa4 Ra5 36. Bf5 Nh4 37. Rxg8+ Kxg8 38. Nxf4 Nxf5 39. exf5 Rxf5 40.
Rd4 c5 41. Kg2 cxd4 0-1

[Event "VII Festival A"]
[Site "Amantea ITA"]
[Date "2009.08.31"]
[Round "1"]
[White "Schacher, Gerd"]
[Black "Rotelli, Pietro"]
[Result "1-0"]
[WhiteElo "2318"]
[BlackElo "1974"]
[PlyCount "101"]
[EventDate "2009.08.31"]

1. c4 c6 2. Nf3 Nf6 3. g3 d5 4. Bg2 e6 5. O-O Be7 6. b3 O-O 7. Bb2 Nbd7 8. Qc2
Ne4 9. d3 Nd6 10. e4 b6 11. exd5 exd5 12. Nd4 Bb7 13. cxd5 cxd5 14. Nc3 Rc8 15.
Qd2 Nf6 16. Bh3 Rc7 17. Rfe1 Bc8 18. Bg2 Bb7 19. Ncb5 Nxb5 20. Nxb5 Rc8 21.
Nxa7 Ra8 22. Nb5 Qd7 23. a4 Ba6 24. Nd4 Rfc8 25. Rxe7 Qxe7 26. Nf5 Qf8 27. Bxf6
gxf6 28. Bxd5 Rd8 29. Be4 Rab8 30. Qc3 Bc8 31. Qxf6 Bxf5 32. Qxf5 Qg7 33. Rc1
Rd6 34. Rc7 Rbd8 35. h4 Rf6 36. Rc8 Rfd6 37. h5 h6 38. Kg2 Rxc8 39. Qxc8+ Qf8
40. Qg4+ Qg7 41. Qc8+ Qf8 42. Qf5 Qg7 43. Qc8+ Qf8 44. Qc4 Kg7 45. Qc3+ Rf6 46.
b4 Qd6 47. f4 Qd7 48. b5 Qg4 49. Qb2 Qxh5 50. a5 bxa5 51. b6 1-0

[Event "VII Festival A"]
[Site "Amantea ITA"]
[Date "2009.08.31"]
[Round "1"]
[White "Schiappoli, Dario"]
[Black "Bentivegna, Francesco"]
[Result "0-1"]
[WhiteElo "1982"]
[BlackElo "2324"]
[PlyCount "56"]
[EventDate "2009.08.31"]

1. e4 d5 2. exd5 Nf6 3. Nc3 Nxd5 4. Nxd5 Qxd5 5. Qf3 Qc5 6. d4 Qxd4 7. Ne2 Qg4
8. Qb3 Nc6 9. Be3 e5 10. O-O-O Bd6 11. Nc3 O-O 12. a3 Nd4 13. Qd5 Nf5 14. Bd2
c6 15. Qe4 Nd4 16. f3 Qe6 17. g4 Qe7 18. Bc4 b5 19. Ba2 Kh8 20. g5 Bf5 21. Qh4
Bxa3 22. Be3 Bxb2+ 23. Kxb2 Qb4+ 24. Bb3 Bxc2 25. Bxd4 Qxb3+ 26. Kc1 Bxd1 27.
Rxd1 exd4 28. Qxd4 c5 0-1

[Event "VII Festival A"]
[Site "Amantea ITA"]
[Date "2009.08.31"]
[Round "1"]
[White "Scotti, Umberto"]
[Black "Serratore, Vincenzo"]
[Result "1-0"]
[WhiteElo "2176"]
[BlackElo "1912"]
[PlyCount "163"]
[EventDate "2009.08.31"]

1. d4 d5 2. Nf3 Bf5 3. c4 e6 4. Nc3 Nf6 5. Qb3 Nc6 6. cxd5 exd5 7. Bg5 Nb4 8.
Rc1 Be4 9. a3 Bxf3 10. exf3 a5 11. axb4 Bxb4 12. Be2 c6 13. O-O O-O 14. Bd3 h6
15. Bh4 Qd6 16. Bb1 Qf4 17. Bxf6 Qxf6 18. Qc2 g6 19. Qd3 a4 20. Na2 Bd6 21.
Rfe1 Rfc8 22. g3 Ra5 23. Qd2 Rb5 24. Nc3 Rb4 25. Nxd5 Qxd4 26. Qxd4 Rxd4 27.
Ne7+ Bxe7 28. Rxe7 Rb4 29. Re2 Rd8 30. f4 Kf8 31. Ba2 Rbd4 32. Kg2 R4d6 33. h4
Rd2 34. Rce1 R8d7 35. Re8+ Kg7 36. R1e2 R2d4 37. Bb1 b5 38. Be4 Rc7 39. Bf3
Rdd7 40. h5 c5 41. hxg6 Kxg6 42. Bg4 Rd6 43. Rg8+ Kf6 44. Rh8 Kg7 45. Ra8 c4
46. Rb8 Rc5 47. Re5 Rxe5 48. fxe5 Rd5 49. e6 fxe6 50. Bxe6 Rc5 51. Kf3 Kf6 52.
Bg8 Kg7 53. Ke4 a3 54. bxa3 c3 55. Bb3 c2 56. Rb7+ Kf6 57. Rb6+ Kg7 58. Bxc2
Rxc2 59. f4 Rc3 60. g4 Rxa3 61. Rxb5 Ra7 62. f5 Re7+ 63. Kf4 Rf7 64. Rb6 Kh7
65. Re6 Kg7 66. Ke5 Ra7 67. Rg6+ Kh7 68. Rd6 Ra4 69. Rd4 Ra5+ 70. Ke6 Ra6+ 71.
Rd6 Ra4 72. Rd7+ Kh8 73. f6 Rxg4 74. Kf7 Rf4 75. Kg6 Rg4+ 76. Kxh6 Rh4+ 77. Kg6
Rg4+ 78. Kf7 Rf4 79. Rd5 Rh4 80. Re5 Kh7 81. Ke7 Kg6 82. f7 1-0

[Event "VII Festival A"]
[Site "Amantea ITA"]
[Date "2009.08.31"]
[Round "1"]
[White "Valguarnera, Girolamo"]
[Black "Del Noce, Roberto"]
[Result "1-0"]
[WhiteElo "2151"]
[BlackElo "1857"]
[PlyCount "61"]
[EventDate "2009.08.31"]

1. e4 c5 2. Nf3 Nc6 3. d4 cxd4 4. Nxd4 Nf6 5. Nc3 e5 6. Ndb5 d6 7. Nd5 Nxd5 8.
exd5 Nb8 9. c4 Be7 10. Be2 O-O 11. O-O f5 12. c5 dxc5 13. d6 Bf6 14. Nc7 Na6
15. Bxa6 Rb8 16. Bc4+ Kh8 17. Ne6 Bxe6 18. Bxe6 f4 19. Bf5 b5 20. Be4 g6 21.
Qd5 Rb6 22. Rd1 Qd7 23. Qxc5 Rc8 24. Qd5 Rcc6 25. b3 Rxd6 26. Qa8+ Kg7 27. Rxd6
Rxd6 28. h3 Rd1+ 29. Kh2 Bh4 30. Ba3 Kh6 31. Qf8+ 1-0

[Event "VII Festival A"]
[Site "Amantea ITA"]
[Date "2009.08.31"]
[Round "1"]
[White "Van Asseldonk, Paul"]
[Black "Maiorov, Nikita"]
[Result "0-1"]
[WhiteElo "2107"]
[BlackElo "2513"]
[PlyCount "86"]
[EventDate "2009.08.31"]

1. e4 e5 2. Nf3 Nc6 3. Bb5 a6 4. Bxc6 dxc6 5. b3 f6 6. Bb2 Ne7 7. d4 exd4 8.
Qxd4 Qxd4 9. Bxd4 Ng6 10. e5 f5 11. O-O Nf4 12. Bb2 Be7 13. g3 Ne6 14. Ba3 g5
15. Bxe7 Kxe7 16. Rd1 Bd7 17. Nc3 Be8 18. Nd4 Bg6 19. Nxe6 Kxe6 20. f4 gxf4 21.
gxf4 Bh5 22. Rd3 Rag8+ 23. Rg3 Rd8 24. Rf1 Kf7 25. Rf2 Rd4 26. Rh3 Bg6 27. Rd3
c5 28. Rxd4 cxd4 29. Nd5 c5 30. Nb6 Ke6 31. a4 Rd8 32. Rd2 Bh5 33. Kf2 Rg8 34.
Kf1 Bg4 35. Rf2 Bh3+ 36. Ke1 Rg1+ 37. Kd2 Bg4 38. Kd3 Rd1+ 39. Kc4 d3 40. Kxc5
Rc1 41. c4 Rc2 42. Rf1 d2 43. Nd5 Rc1 0-1

[Event "VII Festival A"]
[Site "Amantea ITA"]
[Date "2009.08.31"]
[Round "1"]
[White "Voiska, Margarita"]
[Black "Garofalo, Massimo"]
[Result "1-0"]
[WhiteElo "2332"]
[BlackElo "1996"]
[PlyCount "73"]
[EventDate "2009.08.31"]

1. d4 e6 2. Nf3 c5 3. e3 cxd4 4. exd4 d6 5. c4 Nf6 6. Nc3 Be7 7. Bd3 h6 8. O-O
O-O 9. Bf4 g5 10. Be3 Ng4 11. Nd2 f5 12. h3 Nf6 13. f4 g4 14. d5 gxh3 15. gxh3
exd5 16. cxd5 Qe8 17. Kh2 Kh7 18. Nb3 Na6 19. Nd4 Nh5 20. Qf3 Nc5 21. Bc2 Bh4
22. Bf2 Bxf2 23. Rxf2 a5 24. Re2 Qg6 25. Rg1 Qf7 26. Rge1 Ng7 27. Re7 Qf6 28.
Qf2 Kh8 29. Nf3 Bd7 30. Nh4 Be8 31. Nxf5 Nxf5 32. Bxf5 Bf7 33. Bb1 Ra6 34. Ne4
Nxe4 35. R1xe4 Bxd5 36. Rh7+ Kxh7 37. Re7+ 1-0

[Event "VII Festival A"]
[Site "Amantea ITA"]
[Date "2009.09.01"]
[Round "2"]
[White "Abatino, Maurizio"]
[Black "Furnari, Franco"]
[Result "1-0"]
[WhiteElo "2163"]
[BlackElo "1929"]
[PlyCount "81"]
[EventDate "2009.08.31"]

1. d4 Nf6 2. c4 g6 3. Nc3 Bg7 4. e4 d6 5. Be2 O-O 6. Bg5 Nc6 7. d5 Ne5 8. Qd2
c5 9. f3 a6 10. f4 Ned7 11. Nh3 h6 12. Bh4 Re8 13. Nf2 Nf8 14. O-O e5 15. fxe5
Rxe5 16. Rae1 Re8 17. Bg3 g5 18. Bd1 Ng6 19. b3 Qc7 20. Nd3 Nd7 21. Bh5 Re7 22.
Bxg6 fxg6 23. Kh1 Nf8 24. h3 Bd7 25. e5 dxe5 26. Ne4 Qd8 27. Ndxc5 Bf5 28. Nd3
b6 29. Nb4 Rc7 30. Qe3 Nd7 31. Nc6 Qf8 32. Bh2 Nc5 33. Nxc5 Qxc5 34. Qxc5 bxc5
35. Nxe5 Re7 36. Nc6 Ree8 37. Bd6 Bd3 38. Rxe8+ Rxe8 39. Rd1 Be2 40. Rc1 Bd4
41. Be7 1-0

[Event "VII Festival A"]
[Site "Amantea ITA"]
[Date "2009.09.01"]
[Round "2"]
[White "Bentivegna, Francesco"]
[Black "Levin, Felix"]
[Result "0-1"]
[WhiteElo "2324"]
[BlackElo "2491"]
[PlyCount "48"]
[EventDate "2009.08.31"]

1. e4 c6 2. d4 d5 3. e5 c5 4. Nf3 Bg4 5. c4 cxd4 6. cxd5 Qxd5 7. Nc3 Bxf3 8.
Nxd5 Bxd1 9. e6 fxe6 10. Nc7+ Kd7 11. Nxa8 Bc2 12. Bb5+ Nc6 13. Bf4 Nf6 14. Rc1
d3 15. O-O g5 16. Bxg5 Nd5 17. f4 Bg7 18. f5 Bd4+ 19. Kh1 e5 20. Bc4 Nf6 21. b4
Rxa8 22. b5 Nb4 23. a3 Nbd5 24. Rf3 e4 0-1

[Event "VII Festival A"]
[Site "Amantea ITA"]
[Date "2009.09.01"]
[Round "2"]
[White "Bodenschatz, Josef"]
[Black "Colucci, Pasquale"]
[Result "0-1"]
[WhiteElo "2038"]
[BlackElo "1946"]
[PlyCount "60"]
[EventDate "2009.08.31"]

1. e4 c5 2. Nc3 e6 3. f4 Nc6 4. Nf3 d6 5. g3 Nf6 6. Bg2 Be7 7. O-O a6 8. a4 Qc7
9. b3 O-O 10. Bb2 Rb8 11. d3 b5 12. axb5 axb5 13. Qd2 d5 14. Ne5 d4 15. Nxc6
Qxc6 16. Nd1 Qc7 17. Nf2 e5 18. f5 c4 19. dxc4 bxc4 20. Qd1 cxb3 21. cxb3 Qb6
22. Ba3 Bxa3 23. Rxa3 Ba6 24. Nd3 Bxd3 25. Qxd3 Rfc8 26. Rfa1 h6 27. Ra5 Rc3
28. Qd1 d3+ 29. Kh1 Qe3 30. Rxe5 d2 0-1

[Event "VII Festival A"]
[Site "Amantea ITA"]
[Date "2009.09.01"]
[Round "2"]
[White "Caizzone, Vito"]
[Black "Schiappoli, Dario"]
[Result "1-0"]
[WhiteElo "2062"]
[BlackElo "1982"]
[PlyCount "51"]
[EventDate "2009.08.31"]

1. d4 Nf6 2. c4 c5 3. Nf3 cxd4 4. Nxd4 e5 5. Nb5 Qb6 6. Be3 Bc5 7. Bxc5 Qxc5 8.
N1c3 O-O 9. e3 Nc6 10. Qd2 d5 11. cxd5 Nb4 12. e4 a6 13. Na3 b5 14. Be2 Ng4 15.
O-O f5 16. Bxg4 fxg4 17. Rac1 Qd6 18. Nc2 Nxc2 19. Rxc2 Bd7 20. Ne2 b4 21. Rfc1
Qf6 22. Ng3 Qg6 23. Rc7 Bb5 24. d6 Rad8 25. Nf5 Bd7 26. Ne7+ 1-0

[Event "VII Festival A"]
[Site "Amantea ITA"]
[Date "2009.09.01"]
[Round "2"]
[White "De Rosa, Mariagrazia"]
[Black "Astanovskaya, Yulia"]
[Result "0-1"]
[WhiteElo "2124"]
[BlackElo "1910"]
[PlyCount "68"]
[EventDate "2009.08.31"]

1. e4 d5 2. exd5 Nf6 3. c4 c6 4. d4 cxd5 5. Nc3 e6 6. Nf3 Nc6 7. Bd3 dxc4 8.
Bxc4 Be7 9. O-O O-O 10. h3 a6 11. a3 b5 12. Ba2 Bb7 13. Be3 Bd6 14. Qe2 Bb8 15.
Rad1 Qc7 16. g3 Ne7 17. Ne5 Nfd5 18. Nxd5 Nxd5 19. Rc1 Qd6 20. Bd2 Ba7 21. Qd3
Rfd8 22. Rcd1 Nf6 23. Ba5 Rdc8 24. Rfe1 Nd7 25. Nxf7 Qc6 26. d5 exd5 27. Ng5
Nf6 28. Re6 Qc2 29. Re2 Qxd3 30. Rxd3 h6 31. Nf3 Re8 32. Rxe8+ Rxe8 33. Bc3 Re2
34. Bd4 Bxd4 0-1

[Event "VII Festival A"]
[Site "Amantea ITA"]
[Date "2009.09.01"]
[Round "2"]
[White "De Vita, Igor"]
[Black "Oschetzki, Stefan"]
[Result "0-1"]
[WhiteElo "2086"]
[BlackElo "2178"]
[PlyCount "164"]
[EventDate "2009.08.31"]

1. b3 Nf6 2. Bb2 g6 3. g3 Bg7 4. Bg2 O-O 5. Nh3 d6 6. f3 a5 7. a4 Nc6 8. Nf2 e5
9. Na3 Nd7 10. Nb5 Re8 11. e4 f5 12. O-O Nf6 13. d3 Nb4 14. Re1 c6 15. Na3 Qc7
16. Qd2 Bd7 17. Bc3 c5 18. Nc4 Nc6 19. Bb2 b6 20. Nd1 Rad8 21. Nc3 Nd4 22. Ne3
Bc6 23. Bc1 d5 24. Ncxd5 Nxd5 25. Nxd5 Bxd5 26. exd5 Rxd5 27. Rb1 Rdd8 28. Kh1
f4 29. g4 Bf6 30. Bb2 Bh4 31. Re4 Nc6 32. Qe2 Rd7 33. Bc3 Qd6 34. Rc1 Rde7 35.
Be1 Nd4 36. Qf1 Bxe1 37. Qxe1 g5 38. Qf2 Kg7 39. Rg1 Re6 40. Rge1 Rh6 41. Kg1
Ree6 42. h3 Re8 43. Kf1 Rhe6 44. Qd2 Kf6 45. Qc3 Nc6 46. Qc4 Nb4 47. R4e2 Rd8
48. Qe4 h6 49. Qf5+ Kg7 50. Kg1 Nc6 51. Qe4 Qe7 52. Qc4 Rd4 53. Qc3 Kf6 54. Qd2
Qd7 55. Re4 Ne7 56. Qe2 Qd6 57. Qd2 Ng6 58. Bf1 Nh4 59. Qe2 Rxe4 60. dxe4 Qd4+
61. Kh2 Rd6 62. Bg2 Qd2 63. Kg1 Qc3 64. Rd1 Rxd1+ 65. Qxd1 Qd4+ 66. Qxd4 cxd4
67. Kf2 Ke7 68. Bf1 Kd6 69. Be2 Kc5 70. Ke1 Kb4 71. Kd2 Ka3 72. Kc1 Ka2 73. Bd1
Nf5 74. c3 Ne7 75. cxd4 exd4 76. Kc2 Nc6 77. Kd3 Kb2 78. Kc4 Kc1 79. Be2 Kd2
80. Bf1 Ke3 81. Kd5 Nb4+ 82. Kc4 d3 0-1

[Event "VII Festival A"]
[Site "Amantea ITA"]
[Date "2009.09.01"]
[Round "2"]
[White "Del Noce, Roberto"]
[Black "Arnetta, Maria Teresa"]
[Result "1-0"]
[WhiteElo "1857"]
[BlackElo "2031"]
[PlyCount "61"]
[EventDate "2009.08.31"]

1. e4 c5 2. Nf3 Nc6 3. d4 cxd4 4. Nxd4 e5 5. Nb5 d6 6. c4 a6 7. N5c3 Be7 8. Nd5
f5 9. Be3 Nd4 10. Bxd4 exd4 11. Qxd4 Nf6 12. Nbc3 O-O 13. exf5 Bxf5 14. Nxe7+
Qxe7+ 15. Be2 Ne4 16. Nxe4 Bxe4 17. f3 Bxf3 18. gxf3 Rae8 19. Qf2 Qe5 20. Rb1
Rf4 21. Kd2 Rd4+ 22. Bd3 Qf4+ 23. Kc3 Re3 24. Rbd1 Rxc4+ 25. Kb3 Rb4+ 26. Kc2
Rxf3 27. Qd2 Rf2 28. Be2 Qc4+ 29. Bxc4+ Rxc4+ 30. Kb1 Rxd2 31. Rxd2 1-0

[Event "VII Festival A"]
[Site "Amantea ITA"]
[Date "2009.09.01"]
[Round "2"]
[White "Delorme, Axel"]
[Black "Damia, Angelo"]
[Result "1-0"]
[WhiteElo "2434"]
[BlackElo "2291"]
[PlyCount "104"]
[EventDate "2009.08.31"]

1. e4 Nf6 2. e5 Nd5 3. d4 d6 4. c4 Nb6 5. f4 g5 6. Qh5 dxe5 7. Nf3 Bf5 8. Qxg5
Bxb1 9. Rxb1 exd4 10. Ne5 Nc6 11. Qh5 Nxe5 12. fxe5 Qd7 13. Bd3 O-O-O 14. O-O
Qc6 15. Qxf7 Bg7 16. Bg5 Bxe5 17. Bxe7 Rdg8 18. Qf3 Qh6 19. g3 Qe3+ 20. Kg2 Rg7
21. Bf8 Rgg8 22. Bb4 Qxf3+ 23. Rxf3 Rg7 24. Re1 Nd7 25. Bf5 Re8 26. Rf4 Kd8 27.
Rfe4 Rg5 28. Bxd7 Kxd7 29. Bd2 Rh5 30. h3 Kd6 31. g4 Rg8 32. Bf4 Bxf4 33. Rxd4+
Kc5 34. Rxf4 Rg7 35. Re6 Rhg5 36. Kf3 h5 37. Rf5+ Rxf5+ 38. gxf5 Kxc4 39. f6
Rg1 40. Ke4 Kc5 41. f7 Rf1 42. Re5+ Kd6 43. Rf5 Rxf5 44. Kxf5 Ke7 45. Kg6 Kf8
46. Kxh5 Kxf7 47. Kg5 c5 48. Kf5 b5 49. Ke5 c4 50. Kd5 a5 51. Kc5 a4 52. a3 b4
1-0

[Event "VII Festival A"]
[Site "Amantea ITA"]
[Date "2009.09.01"]
[Round "2"]
[White "Duhayon, Yves"]
[Black "Efimov, Igor"]
[Result "0-1"]
[WhiteElo "2256"]
[BlackElo "2433"]
[PlyCount "66"]
[EventDate "2009.08.31"]

1. d4 Nf6 2. c4 d6 3. Nc3 Bf5 4. f3 e5 5. e4 exd4 6. Qxd4 Nc6 7. Qd2 Be6 8. b3
Be7 9. Bb2 Nd7 10. f4 f5 11. g3 fxe4 12. Bg2 O-O 13. O-O-O a5 14. Nxe4 a4 15.
Nf3 axb3 16. axb3 Kh8 17. Nd4 Bg8 18. Qe2 Nf6 19. Ng5 Nxd4 20. Bxd4 Re8 21.
Rhe1 d5 22. Qc2 h6 23. h4 dxc4 24. Bb2 cxb3 25. Qg6 Ba3 26. Rxd8 Rxe1+ 27. Kd2
Bb4+ 28. Bc3 Bxc3+ 29. Kxc3 Rxd8 30. Nf7+ Bxf7 31. Qxf7 Re3+ 32. Kb4 b2 33. Qa2
Rd6 0-1

[Event "VII Festival A"]
[Site "Amantea ITA"]
[Date "2009.09.01"]
[Round "2"]
[White "Fox, Pierre"]
[Black "Estremera Panos, Sergio"]
[Result "0-1"]
[WhiteElo "1796"]
[BlackElo "2394"]
[PlyCount "40"]
[EventDate "2009.08.31"]

1. d4 Nf6 2. c4 e6 3. Nc3 Bb4 4. g3 d5 5. Bg2 O-O 6. Nf3 dxc4 7. O-O Nc6 8. Rb1
Rb8 9. Bg5 h6 10. Bxf6 Qxf6 11. Qa4 a6 12. e4 b5 13. e5 bxa4 14. exf6 gxf6 15.
Nxa4 Rd8 16. Rfd1 Bd7 17. Nc5 Bxc5 18. dxc5 Bc8 19. Nd2 c3 20. Nb3 c2 0-1

[Event "VII Festival A"]
[Site "Amantea ITA"]
[Date "2009.09.01"]
[Round "2"]
[White "Gad, Ahmad"]
[Black "Scerbo, Antonio"]
[Result "1-0"]
[WhiteElo "1956"]
[BlackElo "2086"]
[PlyCount "89"]
[EventDate "2009.08.31"]

1. e4 c5 2. Nf3 Nc6 3. d4 cxd4 4. Nxd4 Nf6 5. Nc3 e5 6. Ndb5 d6 7. Bg5 a6 8.
Na3 b5 9. Bxf6 gxf6 10. Nd5 Bg7 11. c3 Ne7 12. Nc2 Nxd5 13. Qxd5 Rb8 14. Ne3
O-O 15. Be2 Be6 16. Qd3 Qd7 17. h3 Rfd8 18. Bg4 Qc6 19. O-O Bc4 20. Qc2 Bxf1
21. Rxf1 a5 22. Nd5 Qc5 23. Rd1 b4 24. Rd3 Qc4 25. Rg3 Kf8 26. b3 Qc5 27. c4
Ra8 28. Bf5 Qd4 29. Kh2 Bh6 30. Rd3 Qc5 31. Qe2 Bf4+ 32. g3 Bh6 33. Nxf6 Ra7
34. Bxh7 a4 35. Bf5 axb3 36. axb3 Bg5 37. Nh7+ Ke7 38. Nxg5 Raa8 39. Rd2 Ra3
40. Qh5 Rf8 41. Nh7 Rxb3 42. Qh4+ f6 43. Nxf8 Rd3 44. Ng6+ Kd8 45. Qh8+ 1-0

[Event "VII Festival A"]
[Site "Amantea ITA"]
[Date "2009.09.01"]
[Round "2"]
[White "Garofalo, Massimo"]
[Black "Doleschal, Johannes"]
[Result "0-1"]
[WhiteElo "1996"]
[BlackElo "2014"]
[PlyCount "74"]
[EventDate "2009.08.31"]

1. e4 e5 2. Nf3 Nc6 3. Bb5 a6 4. Ba4 Nf6 5. d3 d6 6. h3 Be7 7. c3 O-O 8. Nbd2
b5 9. Bc2 Bb7 10. Nf1 Nb8 11. Ng3 Nbd7 12. O-O c5 13. Qe2 Qc7 14. Nf5 Rfe8 15.
Nxe7+ Rxe7 16. Nh4 Ree8 17. f4 Rac8 18. Bb3 c4 19. dxc4 bxc4 20. fxe5 dxe5 21.
Ba4 Re6 22. Bxd7 Qxd7 23. Rd1 Qc7 24. Nf5 Bxe4 25. Nd6 Rxd6 26. Bg5 Rxd1+ 27.
Rxd1 Bd3 28. Qf2 Ne4 29. Qh4 Qb6+ 30. Kh2 Nxg5 31. Qxg5 f6 32. Qg4 Rf8 33. b4
f5 34. Qh4 f4 35. Qe7 e4 36. a4 f3 37. a5 Qf6 0-1

[Event "VII Festival A"]
[Site "Amantea ITA"]
[Date "2009.09.01"]
[Round "2"]
[White "Gromovs, Sergejs"]
[Black "Lalic, Bogdan"]
[Result "1/2-1/2"]
[WhiteElo "2339"]
[BlackElo "2517"]
[PlyCount "21"]
[EventDate "2009.08.31"]

1. e4 e5 2. Nf3 Nf6 3. Bc4 Nxe4 4. Nc3 Nc6 5. O-O Nd6 6. Bb3 Be7 7. Re1 O-O 8.
Nxe5 Nxe5 9. Rxe5 Bf6 10. Re1 Nf5 11. Nd5 1/2-1/2

[Event "VII Festival A"]
[Site "Amantea ITA"]
[Date "2009.09.01"]
[Round "2"]
[White "Hajenius, Willem"]
[Black "Santagati, Alessandro"]
[Result "0-1"]
[WhiteElo "2025"]
[BlackElo "2147"]
[PlyCount "70"]
[EventDate "2009.08.31"]

1. d4 Nf6 2. c4 c5 3. d5 e6 4. Nc3 exd5 5. cxd5 d6 6. e4 g6 7. f4 Bg7 8. Nf3
O-O 9. Be2 Re8 10. e5 dxe5 11. fxe5 Ng4 12. e6 fxe6 13. O-O exd5 14. Nxd5 Be6
15. Bc4 Nd7 16. Bg5 Ndf6 17. Nxf6+ Bxf6 18. Bxe6+ Rxe6 19. Qb3 Qb6 20. Qc4 Ne5
21. Nxe5 Bxe5 22. Rae1 Qd6 23. Kh1 Rae8 24. Bh6 Bg7 25. Bxg7 Kxg7 26. Rxe6 Rxe6
27. Qc3+ Qd4 28. Qf3 Rf6 29. Qxb7+ Kh6 30. Rg1 c4 31. g4 g5 32. h4 Re6 33.
hxg5+ Kxg5 34. Qf3 Rh6+ 35. Kg2 Qd2+ 0-1

[Event "VII Festival A"]
[Site "Amantea ITA"]
[Date "2009.09.01"]
[Round "2"]
[White "Licciulli, Fabio"]
[Black "Cordi', Domenico"]
[Result "0-1"]
[WhiteElo "1937"]
[BlackElo "2060"]
[PlyCount "44"]
[EventDate "2009.08.31"]

1. d4 Nf6 2. c4 g6 3. Nc3 Bg7 4. e4 d6 5. f4 O-O 6. Nf3 c5 7. d5 e6 8. Be2 exd5
9. exd5 Bf5 10. O-O Re8 11. Bd3 Ne4 12. Nxe4 Bxe4 13. Rb1 Nd7 14. Qc2 Bxf3 15.
Rxf3 Bd4+ 16. Kf1 Qh4 17. Be4 Qxh2 18. Be3 Bxe3 19. Rxe3 Qxf4+ 20. Qf2 Rxe4 21.
Rf3 Qh2 22. Rh3 Qe5 0-1

[Event "VII Festival A"]
[Site "Amantea ITA"]
[Date "2009.09.01"]
[Round "2"]
[White "Maiorov, Nikita"]
[Black "Voiska, Margarita"]
[Result "1-0"]
[WhiteElo "2513"]
[BlackElo "2332"]
[PlyCount "123"]
[EventDate "2009.08.31"]

1. d4 d5 2. c4 c6 3. Nc3 Nf6 4. e3 a6 5. Qc2 e6 6. Nf3 c5 7. cxd5 exd5 8. Be2
Nc6 9. Ne5 cxd4 10. Nxc6 bxc6 11. exd4 Bd6 12. Bg5 O-O 13. O-O Re8 14. Rfe1 h6
15. Bh4 g5 16. Bg3 Bxg3 17. hxg3 Ra7 18. Bf3 Rae7 19. Rxe7 Qxe7 20. Kf1 Kg7 21.
Nd1 Qb4 22. Qc3 Qb6 23. Ne3 a5 24. Rc1 Bd7 25. b3 Ne4 26. Bxe4 Rxe4 27. f3 Re8
28. Kf2 Qb4 29. g4 Rb8 30. Qd3 Qa3 31. Rc2 Qb4 32. Rc5 Ra8 33. Nc2 Qb8 34. Qd2
Qd8 35. Kg1 Qb6 36. Qe1 Qc7 37. Rc3 Re8 38. Re3 Rxe3 39. Qxe3 Kf8 40. Ne1 f5
41. Nd3 fxg4 42. Ne5 Qd6 43. fxg4 Be8 44. Nd3 Bd7 45. Qe2 Qg6 46. Nc5 Bc8 47.
Qf3+ Ke7 48. Qg3 Qd6 49. Qe1+ Kf8 50. Qxa5 Qf4 51. Qc3 Qxg4 52. a4 Qd1+ 53. Kf2
Bg4 54. Qe3 h5 55. a5 Qa1 56. a6 Bc8 57. Qe5 Bxa6 58. Qf6+ Ke8 59. Qxc6+ Kf7
60. Qxd5+ Kg6 61. Qd6+ Kf7 62. Nxa6 1-0

[Event "VII Festival A"]
[Site "Amantea ITA"]
[Date "2009.09.01"]
[Round "2"]
[White "Mrdja, Milan"]
[Black "Fabiano, Giuseppe"]
[Result "1-0"]
[WhiteElo "2418"]
[BlackElo "2245"]
[PlyCount "67"]
[EventDate "2009.08.31"]

1. e4 c5 2. Nf3 d6 3. d4 cxd4 4. Qxd4 a6 5. c4 Nc6 6. Qd2 Nf6 7. Nc3 g6 8. b3
Bg7 9. Bb2 O-O 10. h3 Nd7 11. Be2 Nc5 12. O-O Rb8 13. Rfd1 Qa5 14. Qc2 b5 15.
cxb5 axb5 16. Nd5 b4 17. Bxg7 Kxg7 18. e5 Nxe5 19. Nxe7 Bb7 20. Qb2 f6 21. Nd5
Ne4 22. Ne3 Nc3 23. Rxd6 Nxe2+ 24. Qxe2 Nxf3+ 25. gxf3 Qe5 26. Rad1 Rf7 27.
R1d4 Rc8 28. Qd1 Rcc7 29. f4 Qc5 30. Kh2 Rce7 31. Rc4 Qa5 32. Rd2 Qb6 33. Qg4
f5 34. Qd1 1-0